000
00310 a2200109 4500
001
ART_30458
005
20260410162004.0
008
260409a
245
1
0
_a
El Estado y sus capacidades
100
1
_a
Repetto, Fabián
773
0
_t
Boletín Informativo ASAP
_g
- Nº 43 (oct. 2009)
_w
REV30391
999
_c
31544
_d
31544